Genes involved in colorectal cancer metastasis /
Saved in:
| Main Author: | |
|---|---|
| Format: | Thesis Book |
| Language: | English |
| Published: |
2002.
|
| Subjects: | |
| Tags: |
Add Tag
No Tags, Be the first to tag this record!
|
| LEADER | 00802cam a2200217 a 4500 | ||
|---|---|---|---|
| 001 | u708451 | ||
| 003 | SIRSI | ||
| 008 | 050623s2002 si a eng m | ||
| 040 | |a UMP | ||
| 096 | |a WO100 |b NUS 2002 Nih | ||
| 100 | 1 | 0 | |a Ni, Hongmin. |
| 245 | 1 | 0 | |a Genes involved in colorectal cancer metastasis / |c Ni Hongmin. |
| 260 | |c 2002. | ||
| 300 | |a xi, 134 leaves : |b ill. (some col.); |c 30 cm. | ||
| 502 | |a Dissertation (M.Sc.) -- Department of Surgery, Faculty of Medicine, National University of Singapore, 2002. | ||
| 504 | |a Bibliography: leaves 97-126 | ||
| 650 | 2 | |a Colorectal Neoplasms. | |
| 650 | 2 | |a Genes. | |
| 710 | 2 | 0 | |a National University of Singapore. |b Dept. of Surgery. |
| 596 | |a 2 | ||
| 999 | |a WO100 NUS 2002 NIH |w NLM |c 1 |i A503057730 |d 25/6/2007 |f 25/6/2007 |g 1 |l STACKS |m P02MEDKL |r Y |s Y |t TESIS |u 25/6/2007 | ||
